Стандартизация, метрология и сертификация: учебник для вузов

Détails bibliographiques
Auteur principal: Лифиц И. М. Иосиф Моисеевич
Résumé:Предлагаемый учебник соответствует утвержденной программе дисциплины «Стандартизация, метрология и сертификация». В книге рассматриваются современное состояние, проблемы и направления совершенствования стандартизации, метрологии и сертификации. Общие положения программного материала подкреплены многочисленными примерами, связанными с основными объектами коммерческой деятельности — товарами и услугами. Большое число иллюстраций позволяет легче понять и запомнить программные вопросы курса. Для студентов, обучающихся по специальностям 080111(061500) «Маркетинг», 080301(351300) «Коммерция (торговое дело)», 080401(351100) «Товароведение и экспертиза товаров», 080300(522000) «Коммерция (бакалавр)», может быть также использован в системе повышения квалификации работников высшего и среднего звена организаций торговли.
Langue:russe
Publié: Москва, Юрайт-Издат, 2009
Édition:8-е изд., перераб. и доп.
Collection:Учебник
Основы наук
Sujets:
Format: Livre
KOHA link:https://koha.lib.tpu.ru/cgi-bin/koha/opac-detail.pl?biblionumber=144017

MARC

LEADER 00000nam0a2200000 4500
001 144017
005 20231101221052.0
010 |a 9785978800456 
035 |a (RuTPU)RU\TPU\book\156086 
035 |a RU\TPU\book\110912 
035 |a RU\TPU\book\115498 
035 |a RU\TPU\book\152724 
090 |a 144017 
100 |a 20061215d2009 m y0rusy50 ca 
101 0 |a rus 
102 |a RU 
105 |a a j 001zy 
200 1 |a Стандартизация, метрология и сертификация  |e учебник для вузов  |f И. М. Лифиц 
205 |a 8-е изд., перераб. и доп. 
210 |a Москва  |c Юрайт-Издат  |d 2009 
215 |a 412 с.  |c ил. 
225 1 |a Учебник 
225 1 |a Основы наук 
320 |a Литература: с. 409-412. 
330 |a Предлагаемый учебник соответствует утвержденной программе дисциплины «Стандартизация, метрология и сертификация». В книге рассматриваются современное состояние, проблемы и направления совершенствования стандартизации, метрологии и сертификации. Общие положения программного материала подкреплены многочисленными примерами, связанными с основными объектами коммерческой деятельности — товарами и услугами. Большое число иллюстраций позволяет легче понять и запомнить программные вопросы курса. Для студентов, обучающихся по специальностям 080111(061500) «Маркетинг», 080301(351300) «Коммерция (торговое дело)», 080401(351100) «Товароведение и экспертиза товаров», 080300(522000) «Коммерция (бакалавр)», может быть также использован в системе повышения квалификации работников высшего и среднего звена организаций торговли. 
451 1 |0 (RuTPU)RU\TPU\book\152724  |y 978-5-94879-970-4  |t Стандартизация, метрология и сертификация  |o учебник для вузов  |f И. М. Лифиц  |e 8-е изд., перераб. и доп.  |c М.  |n Юрайт-Издат  |d 2008  |p 412 с.  |s Основы наук  |a Лифиц, Иосиф Моисеевич 
606 1 |a Стандартизация  |2 stltpush  |3 (RuTPU)RU\TPU\subj\67652  |9 83373 
606 1 |a Метрология  |2 stltpush  |3 (RuTPU)RU\TPU\subj\43497  |9 62988 
606 1 |a Сертификация  |2 stltpush  |3 (RuTPU)RU\TPU\subj\54694  |9 72800 
610 1 |a качество 
610 1 |a товары 
610 1 |a услуги 
610 1 |a техническое законодательство 
610 1 |a техническое регулирование 
610 1 |a технические регламенты 
610 1 |a система стандартов 
610 1 |a национальные стандарты 
610 1 |a Российская Федерация 
610 1 |a стандарты организации 
610 1 |a международная стандартизация 
610 1 |a региональная стандартизация 
610 1 |a международное сотрудничество 
610 1 |a межотраслевые системы 
610 1 |a государственные информационные системы 
610 1 |a технические измерения 
610 1 |a единство измерений 
610 1 |a государственный метрологический контроль 
610 1 |a государственный метрологический надзор 
610 1 |a средства измерений 
610 1 |a калибровка 
610 1 |a метрологическое обеспечение 
610 1 |a подтверждение соответствий 
610 1 |a органы сертификации 
610 1 |a аккредитация 
610 1 |a испытательные лаборатории 
610 1 |a учебники 
675 |a 006(075.8)  |v 4 
675 |a 658.562.012.7(075.8)  |v 3 
700 1 |a Лифиц  |b И. М.  |g Иосиф Моисеевич 
801 1 |a RU  |b 63413507  |c 20080929  |g PSBO 
801 2 |a RU  |b 63413507  |c 20210306  |g PSBO 
900 |a Метрология, стандартизация и сертификация 
900 |a Стандартизация 
900 |a Стандартизация, метрология и сертификация 
900 |a Технология разработки нормативной документации 
942 |c BK 
952 |b 080111  |b 080300  |b 080301  |b 080401 
959 |a 82/20080924  |d 1  |e 74,00  |f ЧЗГЛ:1 
959 |a 81/20101108  |d 5  |e 0  |f Ф_ТПУ_Новокузнецк:5